Statistics for Clothing Brand Logos

Click here to take the quiz!

General Stats

  • This quiz has been taken 144 times
  • The average score is 15 of 20

Answer Stats

Answer% Correct
Nike
100%
Adidas
99%
Louis Vuitton
89%
Gucci
86%
Levi's
85%
PUMA
84%
Chanel
82%
New Balance
82%
Calvin Klein
80%
The North Face
80%
Champion
77%
Lacoste
74%
Under Armour
73%
Vans
71%
Tommy Hilfiger
70%
GUESS
62%
Timberland
52%
Carhartt
45%
Emporio Armani
41%
Prada
38%

Score Distribution

Percentile by Number Answered

Percent of People with Each Score

Your Score History

You have not taken this quiz